000 00485nam a2200181Ia 4500
008 100917s9999 xx 000 0 und d
082 _b16859
100 _aखाडिलकर कृ. प्र.
245 _aसत्वपरिक्षा
260 _b---
_c1915
300 _a110
365 _b0.75
520 _aनाटक
630 _aसत्वपरिक्षा
650 _aनाटक
730 _aसत्वपरिक्षा
942 _cBOOK
999 _c622253
_d622250